000 00232nam a22000857a 4500
999 _c3361
_d3361
008 160922b xxu||||| |||| 00| 0 eng d
020 _a9780470924297
100 _9704
_aTortona.G.J
245 _aAnatomy & Physiology
260 _aUnited Kingdom
_bJohn Publications
_c2011